000 00428nam a2200181Ia 4500
001 10669
005 20260306161849.0
008 260306t1981||||xx |||||||||||||| ||spa||
041 _aESP
082 _a946.054
_bA153
100 _aAnes, Gonzalo
_eAUT
245 0 _aEl antiguo régimen:
_blos Borbones
260 _c1981
300 _a513 páginas :
_c20 cm.
650 _aGEN
654 _aCHU
942 _cLIB
_dJUS
_fJUS
_2ddc
_n
999 _c10669
_d10669